000 00308nam a2200133Ia 4500
008 191201s2005 xx 000 0 und d
100 _aGROFF, James R
245 4 _aThe Complete Reference SQL
250 _a2nd
260 _aN.Delhi
_bTMH
_c2005
300 _a1062
650 _aB.Tech(CSE)
942 _2ddc
_cBK
999 _c1875
_d1875